书目信息 |
| 题名: |
文学理论要略
|
|
| 作者: | 童庆炳 主编 | |
| 分册: | ||
| 出版信息: | 北京 人民文学出版社 1995 |
|
| 页数: | 396页 | |
| 开本: | 20cm | |
| 丛书名: | ||
| 单 册: | ||
| 中图分类: | I0 | |
| 科图分类: | ||
| 主题词: | 文学理论--概论--高等学校--教材 | |
| 电子资源: | ||
| ISBN: | 7-02-002126-3 | |
| 000 | 00586nam0 2200205 45 | |
| 001 | 0309282104 | |
| 005 | 20040425140513.3 | |
| 010 | @a7-02-002126-3@dCNY15.35 | |
| 100 | @a20030928d1995 km y0chiy0120 ea | |
| 101 | 0 | @achi |
| 105 | @a z 000yy | |
| 200 | 1 | @a文学理论要略@AWen Xue Li Lun Yao Lue@f童庆炳主编@FTong Qing Bing ZhuBian |
| 210 | @a北京@c人民文学出版社@d1995 | |
| 215 | @a396页@d20cm | |
| 300 | @a高等学校文科教材 | |
| 606 | 0 | @a文学理论@x概论@x高等学校@x教材 |
| 690 | @aI0@v4 | |
| 701 | 0 | @a童庆炳@4主编 |
| 801 | @aCN@bTSTC@c20030928 | |
| 905 | @dI0@e190@f2@b269039-040 | |
| 文学理论要略/童庆炳主编.-北京:人民文学出版社,1995 |
| 396页;20cm |
| 高等学校文科教材 |
| ISBN 7-02-002126-3:CNY15.35 |
| ● |
| 相关链接 |
|
|
|
|
正题名:文学理论要略
索取号:I0/190
 
预约/预借
| 序号 | 登录号 | 条形码 | 馆藏地/架位号 | 状态 | 备注 |
| 1 | 0269038 | 000903614 | 第一样本阅览室/ [索取号:I0/190] | 在馆 | |
| 2 | 0269039 | 000903687 | 第二借阅区/ [索取号:I0/190] | 在馆 | |
| 3 | 0269040 | 000903623 | 第二借阅区/ [索取号:I0/190] | 在馆 | |
| 4 | 0326486 | 203264868 | 第二借阅区/ [索取号:I0/190] | 在馆 | |
| 5 | 0326487 | 203264877 | 第二借阅区/ [索取号:I0/190] | 在馆 | |
| 6 | 0326488 | 203264886 | 第二借阅区/ [索取号:I0/190] | 在馆 |